Регионална библиотека "Любен Каравелов" - Русе

Alfred Doblin (Запис номер 126354)

MARC детайли
000 -Лидер
Контролно поле с фиксирана дължина 01356nam a2200385 c 4500
003 - Код на организацията, давaща контролен номер
Контролно поле BLK
005 - Дата и час на последна редакция
Контролно поле 20180420231959.0
008 - Елементи от данни с фиксирана дължина
fixed length control field 180409b bul|||||r ||||||| ||bul||
010 ## - Наследен системен номер
LC control number KNG00132039000
020 ## - Международен стандартен номер на книга ISBN
Международен стандартен номер на книга ISBN 978-3-446-23769-8
-- издат.: Carl Hanser
040 ## - Източник на каталожния запис
Идентификатор на билиотеката - собственик на записа BLK
041 ## - Код за език
Код за езика на текст/звукозапис или на отделно заглавие Немски
Код за езика КДБФ Немски
072 #7 - Код за тематичната категория
Код организация bullib
Код за тематична категория Н9903
Текст Немска читалня - отраслова литература Н
080 ## - УДК
Текстов определител УДК Немска литература
УДК код - определител по УДК 821.112.2
УДК определител (092)
УДК - код + определител 821.112.2(092)
080 ## - УДК
Текстов определител УДК Немски писател
УДК код - определител по УДК 929 Дьоблин, Алфред
УДК определител
УДК - код + определител 929 Дьоблин, Алфред
100 1# - Редна дума - Автор
Автор Schoeller, Wilfried F.
Авторска отговорност първи автор
R(LIN) 23752
139 ## - Редно поле
Редна дума Schoeller, Wilfried F.
Авторски знак Do - D 68
245 10 - Сведения за заглавието
Заглавие Alfred Doblin
Подзаглавни данни Eine Biographie
Редно поле (дума) Wilfried F. Schoeller.
257 ## - Страна на издаване
Страна на създаване/издаване Германия
260 ## - Област на издателските данни
-- Munchen
Име на издателя, разпространителя и проч. Carl Hanser
Година на издаване 2011
300 ## - Физическа характеристика
Страници 911 c.
Размери/Мащаб 22 cm
380 ## - Жанр
Жанр Литературознание
600 14 - Име на лице, използвано като предмет
За него / За нея Дьоблин, Алфред
9 (RLIN) 66054
650 #4 - Допълнително описание по предмет – тема
Основно описание – тема или топоним Писатели, немски - биографии
9 (RLIN) 276400
650 #4 - Допълнително описание по предмет – тема
Основно описание – тема или топоним Дьоблин, Алфред
9 (RLIN) 66054
653 ## - Ключова дума – ненормативна
Ключова дума Алфред Дьоблин
653 ## - Ключова дума – ненормативна
Ключова дума биографии
653 ## - Ключова дума – ненормативна
Ключова дума немски писатели
659 ## - Тематичен бюлетин
Тематичен бюлетин Н
852 ## - Местоположение
Форматна сигнатура Цб 118021
856 4# - Електронен адрес и достъп
Електронен формат pdf - файл
Път до файла /url/
856 4# - Електронен адрес и достъп
Електронен формат pdf - файл
Път до файла /url/
942 ## - АРТИКУЛИ
Вид на библиотечния материал Книги
Скрит в OPAC Не
944 ## - СЪЗДАВАНЕ И РЕДАКЦИЯ на ЗАПИСА
Създаване/Редакция Създаване
Дата на регистрацията/редакция 10.07.2012
Служител, извършил регистрацията/редакцията Теодора_Стоянова
944 ## - СЪЗДАВАНЕ И РЕДАКЦИЯ на ЗАПИСА
Създаване/Редакция Редакция
Дата на регистрацията/редакция 10.07.2012
Служител, извършил регистрацията/редакцията
999 ## - СИСТЕМНИ КОНТРОЛНИ НОМЕРА
Koha biblionumber 126354
Koha biblioitemnumber 126354
Наличности
Код за отписване Код за изгубен артикул Източник на класификационната схема Код за повреда Коз за рестрикции Код за отдаване Артикулен № Име на библиотеката - собственик Име на библиотеката, в която се намира в момента Статус (Текущо местоположение) Дата на вписване в системата Местоположение - отдел Цена в лева Инвентарен номер Систематично азбучна сигнатура Баркод Номер на екземпляра Цена в евро Служебна бележка Служебен тип на артикула
  Не е изгубен Universal Decimal Classification Не е повреден без рестрикции заемане за дома 205532 Регионална библиотека "Любен Каравелов" Русе Регионална библиотека "Любен Каравелов" Русе ЧЧЗО - нем. ез. - Гьоте инст. 2000-01-01 ЧЧЗО - нем. ез. - Гьоте инст. 20.00 120000902788 Ч5 830(092)/D 68 120000902788 1 10.23 Дост: DA Вид: А N: стар фонд Дата: 01.01.2000 Книги
Vip Innovations Ltd, Rousse, Bulgaria 2025